Responses for show #4679 - Thursday, December 30, 2004

Contestants

Maura Gatowski, a technology manager from Beverly Hills, Michigan

Doug Esker, an engineer from Saint Marys, Pennsylvania

Eric Schwendeman, a bookseller from Columbus, Ohio (whose 1-day cash winnings total $11,500)

Jeopardy! Round responses

MEN & WOMEN OF SCIENCE
SNOWY SONGS
1-2
THE SOUTHERNMOST NATION
CLUB ME
THIS "BUD"'S FOR YOU
    $200 2
Margaret Mead

Doug
    $200 1
(Alex: Yes, you beat Eric to the punch on that, and he's the expert on Christmas songs!)

Frosty the Snowman

Doug
    $200 8
boxing

Doug
    $200 17
India

Doug
    $200 26
(Doug: What is a knight?)

a man

EricDoug
    $200 16
the buddy system

Doug
    $400 3
Albert Einstein

Maura
    $400 7
"Let It Snow (Let It Snow, Let It Snow)"

Doug
    $400 9
one ringie-dingie, two ringie-dingie

Eric
    $400 18
Zimbabwe

Eric
    $400 27
the Friar's Club

Eric
    $400 20
Budapest

Maura
    $600 4
Pasteur

Eric
    $600 13
Good King Wenceslas

Eric
    $600 10
one two, buckle my shoe

Maura
    $600 19
Micronesia

Maura
    $600 28
a glee club

Doug
    $600 21
Rosebud

Eric
    $500 5
(Eric: What is the navel orange?)

Luther Burbank

Eric
    $800 14
a winter wonderland

Maura
    $800 11
Lawrence Welk

Eric
    $800 24
(Maura: What is South Africa?)

Chile

DougMaura
    $800 29
The Wizard of Oz

Maura
    $800 22
Buddha

Maura
    $1000 6
Hans Krebs

Triple Stumper
    $1000 15
snow and mistletoe

Eric
    $1000 12
(Maura: What is Norway?)

Germany

EricMaura
    $1000 25
Panama

Doug
    $1000 30
the Hasty Pudding Club

Eric
    $1000 23
Billy Budd

Eric

Scores at the first commercial break (after clue 15):

Eric Doug Maura
$3,900 $1,000 $800

Scores at the end of the Jeopardy! Round:

Eric Doug Maura
$7,500 $3,600 $2,600

Double Jeopardy! Round responses

DEISGN
MOVIE ROLE IN COMMON
PULPIT FICTION
RELATED WORDS
"R" MAN
IN HAVANA
    $400 26
(Doug: What is an airplane?)
(Eric: What is chair?)

a stroller

EricDougMaura
    $400 1
Dumbledore

Eric
    $400 21
The Scarlet Letter

Doug
    $400 16
holocaust

Doug
    $400 8
Jackie Robinson

Eric
    $400 6
Spain

Doug
    $800 27
(Eric: What is a hearing aid?)

a telephone

EricDoug
    $800 2
Hannibal Lecter

Doug
    $800 22
The Hunchback of Notre Dame

Triple Stumper
    $800 17
soliloquy

Eric
    $800 9
Franklin Roosevelt

Eric
    $4,500 7
cigars

Doug
    $1200 28
(Doug: What is Kodak?)

Polaroid

Doug
Triple Stumper
    $1200 3
Cole Porter

Doug
    $1200 23
(Eric: What is How Green Is My Valley?)

How Green Was My Valley

EricDoug
    $2,500 18
peccadillo

Eric
    $1200 10
(John) Ringling

Eric
    $1200 13
Ernest Hemingway

Doug
    $1600 29
Vespa

Maura
    $1600 4
Guinevere

Maura
    $1600 24
Cry, the Beloved Country

Eric
    $1600 19
minion

Triple Stumper
    $1600 11
Tim Russert

Doug
    $1600 14
(Fulgencio) Batista

Doug
    $2000 30
espresso

Eric
    $2000 5
Richard Nixon

Eric
    $2000 25
(Alex: Anthony Quinn played him on film.)

The Shoes of the Fisherman

Triple Stumper
    $2000 20
(Eric: Emu--emuner--I'm sorry.)

munificent

Eric
Triple Stumper
    $2000 12
Fidel Ramos

Triple Stumper
    $2000 15
José Martí

Triple Stumper

Scores at the end of the Double Jeopardy! Round:

Eric Doug Maura
$14,800 $16,100 $6,200

[wagering suggestions for these scores]

Final Jeopardy! Round responses

VICE PRESIDENTS
(Alex: Remember, William Henry Harrison died about a month after taking office, so the vice president didn't have any opportunities to cast that tiebreaking vote.)
MauraWho is ?
$0
EricWho is Spiro Agnew?
$14,799
DougWho is John Adams?
$13,501
John Tyler

Final scores:

Eric Doug Maura
$1 $2,599 $6,200
3rd place: $1,000 2nd place: $2,000 New champion: $6,200

Game dynamics:

Coryat scores:

Eric Doug Maura
$14,000 $12,400 $6,200
21 R
(including 1 DD),
5 W
(including 1 DD)
20 R
(including 1 DD),
3 W
10 R,
2 W

Combined Coryat: $32,600

The J! Archive is created by fans, for fans. The Jeopardy! game show and all elements thereof, including but not limited to copyright and trademark thereto, are the property of Jeopardy Productions, Inc. and are protected under law. This website is not affiliated with, sponsored by, or operated by Jeopardy Productions, Inc. Join the discussion at JBoard.tv.